000 00209nam a2200085Ia 4500
008 120527s9999 xx 000 0 und d
100 _aMARSHALL, Will
245 _aRich share owner, poor share owner
942 _cBK
999 _c26628
_d26628